| 000 | 02732cam a22003974a 4500 | ||
|---|---|---|---|
| 001 | 16335130 | ||
| 005 | 20230413151155.0 | ||
| 008 | 100714s2011 mdua b 001 0 eng | ||
| 010 | _a 2010029159 | ||
| 016 | 7 |
_a101535783 _2DNLM |
|
| 020 | _a9780812115666 | ||
| 020 | _a1605477230 | ||
| 035 | _a(OCoLC)ocn649701807 | ||
| 040 |
_aDNLM/DLC _cDLC _dYDX _dNLM _dYDXCP _dDLC |
||
| 042 | _apcc | ||
| 050 | 0 | 0 |
_aRC682.9 _b.P255 2011 |
| 060 | 0 | 0 | _a2011 G-559 |
| 060 | 1 | 0 | _aWG 210 |
| 082 | 0 | 0 |
_a616.1207 _222 _bPAT |
| 245 | 0 | 0 |
_aPathophysiology of Heart Disease : _ba collaborative project of medical students and faculty / _ceditor Leonard S. Lilly. |
| 250 | _a5th ed. | ||
| 260 |
_aBaltimore, MD : _bWolters Kluwer/Lippincott Williams & Wilkins, _cc1992. |
||
| 300 |
_axiv, 461 p. : _bill. ; _c26 cm. |
||
| 504 | _aIncludes bibliographical references and index. | ||
| 505 | 0 | _aBasic cardiac structure and function / Ken Young Lin ... [et al.] -- The cardiac cycle : mechanisms of heart sounds and murmurs / Henry Jung and Leonard S. Lilly -- Cardiac imaging and catheterization / Henry Jung, Ken Young Lin, and Patricia Challender Come -- The electrocardiogram / Stephen R. Pomedli and Leonard S. Lilly -- Atherosclerosis / Jordan B. Strom and Peter Libby -- Ischemic heart disease / June-Wha Rhee, Marc S. Sabatine, and Leonard S. Lilly -- Acute coronary syndromes / June-Wha Rhee, Marc S. Sabatine, and Leonard S. Lilly -- Valvular heart disease / Christopher A. Miller, Patrick T. O'Gara, and Leonard S. Lilly -- | |
| 505 | 0 | _aHeart failure / Neal Anjan Chatterjee and Michael A. Fifer -- The cardiomyopathies / Christopher T. Lee, G. William Dec, and Leonard S. Lilly -- Mechanisms of cardiac arrhythmias / Ranliang Hu ... [et al.] -- Clinical aspects of cardiac arrhythmias / Ranliang Hu, William G. Stevenson, and Leonard S. Lilly -- Hypertension / Christopher T. Lee, Gordon H. Williams, and Leonard S. Lilly -- Diseases of the pericardium / Yin Ren and Leonard S. Lilly -- Diseases of the peripheral vasculature / Fan Liang and Mark A. Creager -- Congenital heart disease / David D. Berg and David W. Brown -- Cardiovascular drugs / Cyrus K. Yamin ... [et al.]. | |
| 650 | 0 |
_aHeart _xPathophysiology. _9111890 |
|
| 650 | 1 | 2 |
_aHeart Diseases _xphysiopathology. _9111891 |
| 700 | 1 |
_aLilly, Leonard S. _9111892 |
|
| 710 | 2 |
_aHarvard Medical School. _9111893 |
|
| 856 | 4 | 1 |
_3Table of contents only _uhttp://www.loc.gov/catdir/enhancements/fy1201/2010029159-t.html |
| 856 | 4 | 2 |
_3Publisher description _uhttp://www.loc.gov/catdir/enhancements/fy1312/2010029159-d.html |
| 906 |
_a7 _bcbc _corignew _d1 _eecip _f20 _gy-gencatlg |
||
| 942 |
_2ddc _cBK |
||
| 999 |
_c594504 _d594504 |
||